[Event "Qatar Masters op-A"]
[Site "Doha"]
[Date "2024.12.12"]
[Round "9"]
[White "Vaz, Ethan"]
[Black "Swayams, Mishra"]
[Result "1/2-1/2"]
[WhiteElo "2378"]
[BlackElo "2456"]
[PlyCount "62"]
[EventDate "2024.12.03"]
[EventType "swiss"]
[EventRounds "9"]
[EventCountry "QAT"]
[SourceTitle "CB51_2024"]
[SourceDate "2024.12.18"]
[SourceVersion "1"]
[SourceVersionDate "2024.12.18"]
[SourceQuality "1"]

1. e4 e5 2. Nf3 Nc6 3. Bc4 Nf6 4. d3 Be7 5. 0-0 0-0 6. Re1 d6 7. a4 Be6 8. Nbd2 a5 9. c3 Qd7 10. Bxe6 Qxe6 11. Nc4 Rad8 12. Bg5 h6 13. Bxf6 Bxf6 14. Ne3 Ne7 15. h3 Rfe8 16. b4 d5 17. Qc2 dxe4 18. dxe4 Ra8 19. Red1 c6 20. Qb2 Reb8 21. bxa5 Ng6 22. Nf5 Be7 23. Nxe7+ Qxe7 24. Qb4 Qc7 25. Qb6 Rc8 26. Rab1 Rxa5 27. Qxb7 Qxb7 28. Rxb7 Rxa4 29. Rdd7 Rf8 30. g3 Rxe4 31. h4 Rc4 1/2-1/2

[Event "Qatar Masters op-A"]
[Site "Doha"]
[Date "2024.12.10"]
[Round "7"]
[White "Abdulla, Murad"]
[Black "Swayams, Mishra"]
[Result "0-1"]
[WhiteElo "2321"]
[BlackElo "2456"]
[PlyCount "112"]
[EventDate "2024.12.03"]
[EventType "swiss"]
[EventRounds "9"]
[EventCountry "QAT"]
[SourceTitle "CB51_2024"]
[SourceDate "2024.12.18"]
[SourceVersion "1"]
[SourceVersionDate "2024.12.18"]
[SourceQuality "1"]

1. Nf3 d5 2. c4 e6 3. g3 Nf6 4. Bg2 d4 5. 0-0 c5 6. e3 Nc6 7. exd4 cxd4 8. d3 h6 9. Bf4 Nd7 10. Na3 Be7 11. Re1 g5 12. Bc1 e5 13. Nc2 a5 14. Rb1 f6 15. a3 a4 16. b4 axb3 17. Rxb3 Nc5 18. Rb5 0-0 19. Rb1 Bf5 20. Bf1 Qe8 21. Nb4 Bd8 22. Nxc6 Qxc6 23. Rb5 Ba5 24. Bd2 Bxd2 25. Qxd2 Bg4 26. Bg2 Bxf3 27. Bxf3 Qxf3 28. Rxc5 Rxa3 29. Rc7 Rxd3 30. Qa5 Rb3 31. Ra1 Rb2 32. Rf1 Rf7 33. Rc8+ Kh7 34. Qd8 Rg7 35. Qh8+ Kg6 36. Qe8+ Kf5 37. Rc5 Kg4 38. Qe6+ Kh5 39. h3 Rg6 40. Rd5 Re2 41. Qf7 g4 42. h4 b6 43. Rd6 Rxf2 44. Rxf2 Qxg3+ 45. Kf1 Qd3+ 46. Kg2 g3 47. Qxg6+ Qxg6 48. Rfxf6 Qe4+ 49. Kxg3 Qxh4+ 50. Kg2 Qe4+ 51. Kg3 Qe3+ 52. Kg2 d3 53. Rf3 Qe2+ 54. Kg3 Qe1+ 55. Kh3 Qh1+ 56. Kg3 Qg1+ 0-1

[Event "Qatar Masters op-A"]
[Site "Doha"]
[Date "2024.12.09"]
[Round "6"]
[White "Swayams, Mishra"]
[Black "Zhu, Hengyi"]
[Result "0-1"]
[WhiteElo "2456"]
[BlackElo "2361"]
[PlyCount "120"]
[EventDate "2024.12.03"]
[EventType "swiss"]
[EventRounds "9"]
[EventCountry "QAT"]
[SourceTitle "CB51_2024"]
[SourceDate "2024.12.18"]
[SourceVersion "1"]
[SourceVersionDate "2024.12.18"]
[SourceQuality "1"]

1. d4 Nf6 2. c4 e6 3. Nc3 Bb4 4. e3 0-0 5. Bd3 d5 6. a3 Bxc3+ 7. bxc3 dxc4 8. Bxc4 c5 9. Ne2 Qc7 10. Bd3 Nc6 11. f4 b6 12. 0-0 Bb7 13. Ng3 Na5 14. e4 cxd4 15. cxd4 Qc3 16. Ra2 Qxd4+ 17. Kh1 Nc4 18. Qe2 Rac8 19. Rc2 b5 20. e5 Nd5 21. Rf3 Rfd8 22. Ne4 Nxf4 23. Bxf4 Bxe4 24. Bxe4 Qxe4 25. h4 Qxe2 26. Rxe2 Rd4 27. h5 h6 28. Kh2 Nxa3 29. Bxh6 gxh6 30. Rxa3 Rc7 31. Rea2 Rh4+ 32. Kg3 Rxh5 33. Kf4 Rc4+ 34. Kf3 Rf5+ 35. Kg3 Rc7 36. Rxa7 Rxa7 37. Rxa7 Rxe5 38. Rb7 Kg7 39. Kf4 Rd5 40. Rb8 h5 41. g3 Kf6 42. Ke4 Rg5 43. Kf3 Rc5 44. Rb7 Rc3+ 45. Kg2 Rb3 46. Kh3 Rb1 47. Kh2 b4 48. Rb5 e5 49. Rb6+ Kg7 50. Kh3 f6 51. g4 hxg4+ 52. Kxg4 Kg6 53. Kf3 b3 54. Kg2 b2 55. Rb4 e4 56. Rb3 f5 57. Rb6+ Kg5 58. Rb3 f4 59. Rb5+ Kg4 60. Rb4 e3 0-1

[Event "Abu Dhabi Masters Online"]
[Site "Chess.com INT"]
[Date "2024.08.21"]
[Round "6"]
[White "Estrada Nieto, Julian"]
[Black "Swayams, Mishra"]
[Result "0-1"]
[WhiteElo "2218"]
[BlackElo "2456"]
[PlyCount "100"]
[EventDate "2024.08.21"]
[EventType "swiss (blitz)"]
[EventRounds "11"]
[EventCountry "UAE"]
[SourceTitle "CBM 221 Extra"]
[Source "ChessBase"]
[SourceDate "2024.09.30"]
[SourceVersion "1"]
[SourceVersionDate "2024.09.30"]
[SourceQuality "1"]

1. e4 e5 2. Nf3 Nc6 3. Bb5 a6 4. Ba4 Nf6 5. 0-0 Be7 6. Re1 b5 7. Bb3 0-0 8. a4 Bb7 9. c3 d5 10. exd5 Nxd5 11. Nxe5 Nxe5 12. Rxe5 Nf6 13. Re1 c5 14. d3 h6 15. Bf4 Bd6 16. Bg3 Qd7 17. axb5 axb5 18. Rxa8 Bxa8 19. Na3 Rd8 20. Bh4 g5 21. Bg3 b4 22. Nc4 Bxg3 23. fxg3 bxc3 24. bxc3 Qxd3 25. Qxd3 Rxd3 26. Ne5 Rxc3 27. Bxf7+ Kg7 28. Ra1 Be4 29. Ra7 Rc1+ 30. Kf2 Rb1 31. Bd5+ Kf8 32. Rf7+ Ke8 33. Rxf6 Bxd5 34. Rxh6 Rb2+ 35. Ke3 Rxg2 36. Nf3 Bxf3 37. Kxf3 Rd2 38. Kg4 Rd5 39. Rc6 Kd7 40. Rg6 c4 41. Ra6 c3 42. Ra3 Rc5 43. Ra1 c2 44. Rc1 Ke6 45. Kf3 Kf5 46. h4 Rc3+ 47. Kf2 g4 48. Ke2 Ke4 49. h5 Rxg3 50. Rxc2 Rh3 0-1

[Event "Abu Dhabi Masters Online"]
[Site "Chess.com INT"]
[Date "2024.08.21"]
[Round "9"]
[White "Swayams, Mishra"]
[Black "Eggleston, Thomas"]
[Result "1-0"]
[WhiteElo "2456"]
[BlackElo "2188"]
[PlyCount "79"]
[EventDate "2024.08.21"]
[EventType "swiss (blitz)"]
[EventRounds "11"]
[EventCountry "UAE"]
[SourceTitle "CBM 221 Extra"]
[Source "ChessBase"]
[SourceDate "2024.09.30"]
[SourceVersion "1"]
[SourceVersionDate "2024.09.30"]
[SourceQuality "1"]

1. d4 e6 2. e4 d5 3. Nc3 Nf6 4. e5 Nfd7 5. f4 c5 6. Nf3 Nc6 7. Be3 a6 8. Qd2 Qb6 9. 0-0-0 Qc7 10. dxc5 Nxc5 11. Kb1 b5 12. Qf2 Ne4 13. Nxe4 dxe4 14. Ng5 Bb7 15. Bb6 Qc8 16. Qe3 Be7 17. Nxe4 0-0 18. a3 b4 19. a4 b3 20. cxb3 Nb4 21. Bc4 Nd5 22. Bxd5 Bxd5 23. Nd6 Bxd6 24. exd6 Qb7 25. b4 Rab8 26. a5 Qc6 27. Rc1 Qa4 28. Qa3 Qb5 29. Rhe1 Rb7 30. h4 Rxb6 31. axb6 Qxb6 32. d7 Qd6 33. Rc8 Qxd7 34. Rxf8+ Kxf8 35. b5+ Kg8 36. bxa6 Qa7 37. Ka1 h5 38. Rc1 Kh7 39. Qa5 Bxg2 40. Qxh5+ 1-0

[Event "Abu Dhabi Masters Online"]
[Site "Chess.com INT"]
[Date "2024.08.21"]
[Round "4"]
[White "Swayams, Mishra"]
[Black "Slade, Theodore"]
[Result "1-0"]
[WhiteElo "2456"]
[BlackElo "2063"]
[PlyCount "137"]
[EventDate "2024.08.21"]
[EventType "swiss (blitz)"]
[EventRounds "11"]
[EventCountry "UAE"]
[SourceTitle "CBM 221 Extra"]
[Source "ChessBase"]
[SourceDate "2024.09.30"]
[SourceVersion "1"]
[SourceVersionDate "2024.09.30"]
[SourceQuality "1"]

1. d4 Nf6 2. Nf3 d5 3. c4 e6 4. Nc3 Be7 5. Bf4 0-0 6. e3 Nbd7 7. Rc1 b6 8. cxd5 exd5 9. Nb5 Bb4+ 10. Nd2 Ne4 11. Nc3 Nxc3 12. bxc3 Ba3 13. Rb1 Nf6 14. Bd3 Bd6 15. 0-0 Bxf4 16. exf4 c5 17. Re1 Re8 18. Qf3 Bg4 19. Qg3 cxd4 20. cxd4 Rxe1+ 21. Rxe1 Qd7 22. Re5 Rc8 23. h3 Rc1+ 24. Kh2 Bd1 25. Qe3 Kf8 26. Bf5 Qc7 27. Qa3+ Kg8 28. Qe3 Rc3 29. Qe1 Ba4 30. g3 Rc1 31. Qe3 Rc3 32. Qe2 g6 33. Re7 Qd6 34. Bd3 Rc7 35. Rxc7 Qxc7 36. Qe5 Qxe5 37. fxe5 Ne8 38. f4 Nc7 39. Be2 Bb5 40. Bf3 Kf8 41. Kg2 Ke7 42. Kf2 f5 43. exf6+ Kxf6 44. Ke3 h5 45. g4 h4 46. g5+ Ke6 47. Bg4+ Kf7 48. Nf3 Bc4 49. a3 Nb5 50. a4 Nc3 51. Nxh4 Nxa4 52. f5 gxf5 53. Bxf5 b5 54. g6+ Kf6 55. Bc2 Nc3 56. Kf4 b4 57. Nf5 a5 58. g7 Kf7 59. Kg5 b3 60. Bxb3 Bxb3 61. Kh6 Bc2 62. Ne7 Ne4 63. g8Q+ Kxe7 64. Qg7+ Kd6 65. Qg6+ Kc7 66. Qa6 a4 67. Qa5+ Kd6 68. h4 Bb3 69. h5 1-0

[Event "Titled Tuesday intern op 09th Jul Late"]
[Site "Chess.com INT"]
[Date "2024.07.09"]
[Round "8"]
[White "Haszon, David"]
[Black "Swayams, Mishra"]
[Result "1-0"]
[WhiteElo "2248"]
[BlackElo "2456"]
[PlyCount "123"]
[EventDate "2024.07.09"]
[EventType "swiss (blitz)"]
[EventRounds "11"]
[EventCountry "USA"]
[SourceTitle "EXT 2025"]
[Source "ChessBase"]
[SourceDate "2024.10.14"]
[SourceVersion "1"]
[SourceVersionDate "2024.10.14"]
[SourceQuality "1"]

1. d4 Nf6 2. Bf4 b6 3. e3 Bb7 4. Nf3 e6 5. Nbd2 d5 6. Ne5 Bd6 7. c3 Nbd7 8. Bb5 0-0 9. Nxd7 Nxd7 10. Bg3 c6 11. Bxd6 cxb5 12. Bxf8 Qxf8 13. Qe2 b4 14. 0-0 a5 15. cxb4 Qxb4 16. Rfb1 Ba6 17. Qd1 Bd3 18. a3 Qb5 19. Rc1 Qxb2 20. Nf3 Be4 21. Rc7 Nf8 22. Ne5 f6 23. Nc6 Kh8 24. f3 Bc2 25. Qc1 Qc3 26. Ra2 Qb3 27. Rxc2 b5 28. h3 b4 29. axb4 axb4 30. Nxb4 Qxb4 31. Rc8 Ra7 32. Rb2 Qa3 33. Qc5 Qxe3+ 34. Kh2 h5 35. Rxf8+ Kh7 36. Qxa7 h4 37. Qb8 e5 38. Rb1 Qf4+ 39. Kh1 Qxd4 40. Rh8+ Kg6 41. Qe8+ Kf5 42. Qh5+ g5 43. Qg4+ Qxg4 44. hxg4+ Kf4 45. Rf8 e4 46. Rxf6+ Kg3 47. fxe4 dxe4 48. Rb3+ Kxg4 49. Re3 Kh5 50. Rxe4 h3 51. Rf8 h2 52. Ra4 g4 53. Rxg4 Kxg4 54. Kxh2 Kh4 55. g4 Kxg4 56. Rf1 Kg5 57. Kh3 Kh5 58. Rf5+ Kg6 59. Kg4 Kg7 60. Kh5 Kg8 61. Kh6 Kh8 62. Rf8# 1-0

[Event "Titled Tuesday intern op 09th Jul Late"]
[Site "Chess.com INT"]
[Date "2024.07.09"]
[Round "4"]
[White "Swayams, Mishra"]
[Black "Isanzhulov, Arystan"]
[Result "0-1"]
[WhiteElo "2456"]
[BlackElo "2399"]
[PlyCount "92"]
[EventDate "2024.07.09"]
[EventType "swiss (blitz)"]
[EventRounds "11"]
[EventCountry "USA"]
[SourceTitle "EXT 2025"]
[Source "ChessBase"]
[SourceDate "2024.10.14"]
[SourceVersion "1"]
[SourceVersionDate "2024.10.14"]
[SourceQuality "1"]

1. d4 Nf6 2. c4 d6 3. Nc3 Bf5 4. g3 e5 5. Bg2 c6 6. Nf3 Qc7 7. 0-0 Be7 8. h3 0-0 9. g4 Be6 10. b3 Re8 11. Be3 Bf8 12. Qc2 e4 13. Nd2 d5 14. Qb2 h5 15. g5 Nh7 16. f4 Qd7 17. h4 g6 18. Rac1 Bg7 19. Na4 b6 20. Rfd1 Nf8 21. Nf1 dxc4 22. bxc4 c5 23. Bxe4 Nc6 24. Qb5 Nxd4 25. Qxd7 Bxd7 26. Nc3 Nxe2+ 27. Nxe2 Rxe4 28. Kf2 Bg4 29. Rd3 Rae8 30. Neg3 R4e7 31. a4 Ne6 32. a5 Nd4 33. axb6 axb6 34. Rb1 Nf5 35. Rxb6 Nxe3 36. Nxe3 Bd4 37. Rbb3 Ra8 38. Rd2 Ra4 39. Ne2 Bxe2 40. Kxe2 Rxc4 41. Kf3 Rb4 42. Rxb4 Rxe3+ 43. Kf2 Rd3+ 44. Ke2 Rxd2+ 45. Kxd2 cxb4 46. Kd3 Bf2 0-1

[Event "Titled Tuesday intern op 09th Jul Late"]
[Site "Chess.com INT"]
[Date "2024.07.09"]
[Round "11"]
[White "Swayams, Mishra"]
[Black "Ljepic, Andrej"]
[Result "1-0"]
[WhiteElo "2456"]
[BlackElo "2267"]
[PlyCount "109"]
[EventDate "2024.07.09"]
[EventType "swiss (blitz)"]
[EventRounds "11"]
[EventCountry "USA"]
[SourceTitle "EXT 2025"]
[Source "ChessBase"]
[SourceDate "2024.10.14"]
[SourceVersion "1"]
[SourceVersionDate "2024.10.14"]
[SourceQuality "1"]

1. e4 c6 2. c4 d6 3. Nc3 g6 4. Nf3 Bg7 5. d4 Nf6 6. Be2 0-0 7. 0-0 Nbd7 8. Re1 e5 9. h3 Qc7 10. Bf1 Nh5 11. Be3 Nf4 12. g3 Ne6 13. d5 Nd8 14. Rc1 c5 15. Nb5 Qb8 16. a3 a6 17. Nc3 f6 18. b4 b6 19. Rb1 Qc7 20. bxc5 dxc5 21. d6 Qa7 22. Nd5 Rb8 23. a4 Ne6 24. Ne7+ Kh8 25. Nc6 Qa8 26. Nxb8 Qxb8 27. a5 Qa7 28. axb6 Nxb6 29. Qb3 Nd7 30. Red1 Nd4 31. Bxd4 exd4 32. Bg2 a5 33. Ra1 Qa6 34. Rdb1 Qxd6 35. Rxa5 Ne5 36. Nxe5 fxe5 37. Qb6 Qxb6 38. Rxb6 Bh6 39. Rxc5 d3 40. Rb8 d2 41. Rd5 Kg7 42. c5 Be6 43. Rb7+ Kf6 44. Rd6 Ra8 45. Bf3 Ra1+ 46. Kg2 Bf8 47. Rxd2 Bxc5 48. Rxh7 Bc4 49. Be2 Be6 50. Rc2 Bd4 51. h4 Rb1 52. Rc6 Rb2 53. Bc4 Rxf2+ 54. Kh1 Rf1+ 55. Bxf1 1-0

[Event "Titled Tuesday intern op 09th Jul Late"]
[Site "Chess.com INT"]
[Date "2024.07.09"]
[Round "9"]
[White "Swayams, Mishra"]
[Black "Lopez del Alamo, Antonio"]
[Result "1-0"]
[WhiteElo "2456"]
[BlackElo "2240"]
[PlyCount "84"]
[EventDate "2024.07.09"]
[EventType "swiss (blitz)"]
[EventRounds "11"]
[EventCountry "USA"]
[SourceTitle "EXT 2025"]
[Source "ChessBase"]
[SourceDate "2024.10.14"]
[SourceVersion "1"]
[SourceVersionDate "2024.10.14"]
[SourceQuality "1"]

1. d4 Nf6 2. c4 g6 3. Nc3 Bg7 4. e4 d6 5. Be2 0-0 6. Be3 e5 7. d5 c6 8. Qd2 cxd5 9. cxd5 Nbd7 10. h4 Nc5 11. f3 h5 12. Nh3 a6 13. Ng5 b5 14. b4 Na4 15. Nxa4 bxa4 16. Rc1 Bd7 17. 0-0 Qb8 18. Rc2 Rc8 19. Rfc1 Bf8 20. Rxc8 Bxc8 21. Qc3 Be7 22. Qc7 Qxc7 23. Rxc7 Nd7 24. g4 Bd8 25. Rc6 Rb8 26. a3 Bb6 27. Bxb6 Nxb6 28. Rxd6 hxg4 29. fxg4 Bd7 30. h5 Bb5 31. Bxb5 axb5 32. hxg6 fxg6 33. Rxg6+ Kf8 34. Rf6+ Ke8 35. Re6+ Kf8 36. Rxe5 Nc4 37. Rf5+ Kg8 38. Rf3 Rc8 39. Ne6 Nd2 40. Rf4 Rc3 41. d6 Rxa3 42. d7 Rd3 1-0

[Event "Titled Tuesday intern op 28th May Late"]
[Site "Chess.com INT"]
[Date "2024.05.28"]
[Round "9"]
[White "Brzezina, Piotr"]
[Black "Swayams, Mishra"]
[Result "0-1"]
[WhiteElo "2295"]
[BlackElo "2456"]
[PlyCount "88"]
[EventDate "2024.05.28"]
[EventType "swiss (blitz)"]
[EventRounds "11"]
[EventCountry "USA"]
[SourceTitle "EXT 2025"]
[Source "ChessBase"]
[SourceDate "2024.10.14"]
[SourceVersion "1"]
[SourceVersionDate "2024.10.14"]
[SourceQuality "1"]

1. e4 e5 2. Nf3 Nc6 3. Bb5 a6 4. Ba4 Nf6 5. 0-0 Be7 6. Re1 b5 7. Bb3 0-0 8. a4 Bb7 9. Nc3 b4 10. Nd5 Na5 11. Nxf6+ Bxf6 12. c3 bxc3 13. bxc3 Nxb3 14. Qxb3 Rb8 15. Qc2 d5 16. d3 Re8 17. Ba3 Qd7 18. Rab1 dxe4 19. dxe4 Bc6 20. a5 Rxb1 21. Rxb1 h5 22. h3 Rd8 23. Qe2 Qd3 24. Qxd3 Rxd3 25. Rb8+ Kh7 26. Rc8 Bxe4 27. Rxc7 Kg6 28. Bb4 Bd5 29. Ra7 e4 30. Nd4 Rd1+ 31. Kh2 e3 32. f4 Bc4 33. Rc7 e2 34. Nf3 Bd5 35. c4 Bxf3 36. gxf3 e1Q 37. Bxe1 Rxe1 38. Rc6 Rc1 39. Rxa6 Rxc4 40. Ra8 Rxf4 41. a6 Rxf3 42. Kg2 Ra3 43. Kf2 Rxh3 44. Kg2 Ra3 0-1

[Event "Titled Tuesday intern op 28th May Late"]
[Site "Chess.com INT"]
[Date "2024.05.28"]
[Round "3"]
[White "Rozman, Levy"]
[Black "Swayams, Mishra"]
[Result "1-0"]
[WhiteElo "2322"]
[BlackElo "2456"]
[PlyCount "99"]
[EventDate "2024.05.28"]
[EventType "swiss (blitz)"]
[EventRounds "11"]
[EventCountry "USA"]
[SourceTitle "EXT 2025"]
[Source "ChessBase"]
[SourceDate "2024.10.14"]
[SourceVersion "1"]
[SourceVersionDate "2024.10.14"]
[SourceQuality "1"]

1. e4 e5 2. Nf3 Nc6 3. c3 Nf6 4. d4 d6 5. h3 g6 6. Bd3 Bg7 7. d5 Ne7 8. c4 0-0 9. Nc3 h6 10. g4 h5 11. Bg5 hxg4 12. hxg4 Bxg4 13. Be2 Nh5 14. Qd2 f6 15. Bh6 Rf7 16. Rh4 Bxh6 17. Qxh6 Rh7 18. Qd2 Bxf3 19. Bxf3 Nf4 20. Rxh7 Kxh7 21. Ne2 Nxe2 22. Kxe2 Kg7 23. Rh1 g5 24. Bg4 Ng6 25. Qe3 Qe7 26. Kd2 a5 27. Rh5 Nf4 28. Rh2 b6 29. Bf5 Rh8 30. Rxh8 Kxh8 31. Qb3 Qe8 32. Bg4 Kg7 33. a3 Kf8 34. f3 Ke7 35. Kc2 Ne2 36. Qe3 Qa4+ 37. b3 Nd4+ 38. Qxd4 Qxa3 39. Qc3 Qc5 40. Kb2 Qf2+ 41. Qc2 Qd4+ 42. Ka2 Kf8 43. Qh2 a4 44. Qh8+ Ke7 45. Qg7+ Ke8 46. Qd7+ Kf8 47. Qd8+ Kg7 48. Qe7+ Kg6 49. Bf5+ Kh5 50. Qh7# 1-0

[Event "Titled Tuesday intern op 05th Mar Early"]
[Site "Chess.com INT"]
[Date "2024.03.05"]
[Round "2"]
[White "Rios Escobar, Adan"]
[Black "Swayams, Mishra"]
[Result "1-0"]
[WhiteElo "2234"]
[BlackElo "2456"]
[PlyCount "63"]
[EventDate "2024.03.05"]
[EventType "swiss (blitz)"]
[EventRounds "11"]
[EventCountry "USA"]
[SourceTitle "EXT 2025"]
[Source "ChessBase"]
[SourceDate "2024.10.14"]
[SourceVersion "1"]
[SourceVersionDate "2024.10.14"]
[SourceQuality "1"]

1. Nf3 Nf6 2. c4 e6 3. Nc3 b6 4. g3 Bb7 5. Bg2 Bb4 6. 0-0 Bxc3 7. bxc3 0-0 8. a4 Re8 9. a5 Na6 10. axb6 axb6 11. d3 e5 12. Bg5 d6 13. Qc2 h6 14. Bd2 Qd7 15. Ra2 Nc5 16. Rfa1 Rxa2 17. Rxa2 e4 18. Nd4 exd3 19. exd3 Bxg2 20. Kxg2 Ne6 21. Be3 Nxd4 22. cxd4 Qc6+ 23. d5 Qd7 24. Ra7 Qe7 25. Bxb6 Qe1 26. Bd4 Re2 27. Ra8+ Kh7 28. Qa4 Ng4 29. Qa7 Rxf2+ 30. Bxf2 Qe2 31. Qd4 f5 32. h3 1-0

[Event "Titled Tuesday intern op 03rd Oct Early"]
[Site "Chess.com INT"]
[Date "2023.10.03"]
[Round "1"]
[White "Swayams, Mishra"]
[Black "Dyulgerov, Volen"]
[Result "1-0"]
[WhiteElo "2456"]
[BlackElo "2200"]
[PlyCount "109"]
[EventDate "2023.10.03"]
[EventType "swiss (blitz)"]
[EventRounds "11"]
[EventCountry "USA"]
[SourceTitle "EXT 2025"]
[Source "ChessBase"]
[SourceDate "2024.10.14"]
[SourceVersion "1"]
[SourceVersionDate "2024.10.14"]
[SourceQuality "1"]

1. d4 e5 2. dxe5 d6 3. Nf3 Nc6 4. Nc3 Bg4 5. Bg5 Qd7 6. e3 h6 7. Bh4 Nge7 8. exd6 Nf5 9. Bg3 Nxg3 10. hxg3 Bxd6 11. Be2 0-0-0 12. Qd5 Nb4 13. Qd2 Qf5 14. Nd4 Qg6 15. Ncb5 Bxe2 16. Kxe2 Rhe8 17. Kf1 Nd5 18. Nxa7+ Kb8 19. Ndc6+ bxc6 20. Nxc6+ Kc8 21. Qxd5 Qxc2 22. Nxd8 Rxd8 23. Rh4 Bxg3 24. Qa8+ Kd7 25. Qa4+ Qxa4 26. Rxa4 Bd6 27. Rd4 Rb8 28. b3 Ke7 29. Rc1 Ra8 30. Rc2 Ra5 31. Re4+ Kd7 32. f4 f5 33. Rec4 g5 34. g3 gxf4 35. exf4 Rd5 36. Kg2 Rd3 37. R4c3 Rd4 38. a4 h5 39. Rc4 Rd3 40. R4c3 Rd1 41. Re3 Ra1 42. Kf3 h4 43. gxh4 Rf1+ 44. Rf2 Rh1 45. Kg3 Kc8 46. Ref3 Bc5 47. Rh2 Rg1+ 48. Rg2 Rh1 49. Rh2 Rg1+ 50. Kh3 Bd6 51. h5 Rg4 52. h6 Bxf4 53. Rxf4 Rxf4 54. h7 Kb7 55. h8Q 1-0

[Event "Titled Tuesday intern op 03rd Oct Early"]
[Site "Chess.com INT"]
[Date "2023.10.03"]
[Round "4"]
[White "Swayams, Mishra"]
[Black "Predke, Alexandr"]
[Result "0-1"]
[WhiteElo "2456"]
[BlackElo "2656"]
[PlyCount "34"]
[EventDate "2023.10.03"]
[EventType "swiss (blitz)"]
[EventRounds "11"]
[EventCountry "USA"]
[SourceTitle "EXT 2025"]
[Source "ChessBase"]
[SourceDate "2024.10.14"]
[SourceVersion "1"]
[SourceVersionDate "2024.10.14"]
[SourceQuality "1"]

1. d4 Nf6 2. c4 e6 3. Nc3 Bb4 4. f3 d5 5. a3 Bd6 6. e4 c5 7. cxd5 exd5 8. e5 cxd4 9. Qxd4 Nc6 10. Bb5 Qe7 11. f4 Bc5 12. Qa4 0-0 13. Nge2 Ng4 14. Nxd5 Qh4+ 15. g3 Qh3 16. Qe4 Nf2 17. Qf3 Bg4 0-1

[Event "Abu Dhabi op 29th"]
[Site "Abu Dhabi"]
[Date "2023.08.20"]
[Round "5"]
[White "Swayams, Mishra"]
[Black "Popov, Maksim1"]
[Result "1-0"]
[WhiteElo "2452"]
[BlackElo "2354"]
[PlyCount "127"]
[EventDate "2023.08.16"]
[EventType "swiss"]
[EventRounds "9"]
[EventCountry "UAE"]
[SourceTitle "CBM 216 Extra"]
[Source "ChessBase"]
[SourceDate "2023.11.30"]
[SourceVersion "1"]
[SourceVersionDate "2023.11.30"]
[SourceQuality "1"]

1. d4 Nf6 2. c4 e6 3. Nc3 Bb4 4. e3 0-0 5. Bd3 Re8 6. Nge2 d5 7. 0-0 Nbd7 8. Qb3 Bd6 9. cxd5 exd5 10. Nxd5 Nxd5 11. Qxd5 Nc5 12. Bxh7+ Kxh7 13. Qh5+ Kg8 14. dxc5 Re5 15. Qf3 Rf5 16. Nf4 Rxc5 17. b3 Rg5 18. Bb2 Qe7 19. Rfe1 Bf5 20. e4 Re8 21. e5 Bg4 22. Qxb7 Bxe5 23. Nd3 Bc8 24. Qf3 Bg4 25. Qb7 Bc8 26. Qf3 Bg4 27. Qe3 Bxb2 28. Qxe7 Rxe7 29. Nxb2 Bf3 30. g3 Rge5 31. Nd3 Re2 32. h3 f5 33. a3 g5 34. Rac1 c6 35. b4 Kg7 36. Rxe2 Rxe2 37. Ne1 Be4 38. Kf1 Ra2 39. Rc3 Kf6 40. Nd3 g4 41. hxg4 fxg4 42. Nc1 Rb2 43. Nd3 Rd2 44. Ne1 Ra2 45. f3 gxf3 46. Nxf3 Kf5 47. Ke1 Bd5 48. Nd2 Kg4 49. Ke2 Bg2 50. Kd1 Bd5 51. Ke2 Bg2 52. Kd1 Bd5 53. Rd3 Kf5 54. Kc1 Ra1+ 55. Kb2 Rh1 56. Kc3 Ke5 57. Nc4+ Ke6 58. Kd4 Rg1 59. Rc3 Kd7 60. Kc5 Kc7 61. Ne5 Be4 62. Kd4 Bh1 63. Nxc6 Bxc6 64. b5 1-0

[Event "Titled Tuesday intern op 11th Jul Late"]
[Site "Chess.com INT"]
[Date "2023.07.11"]
[Round "5"]
[White "Rustemov, Alexander"]
[Black "Swayams, Mishra"]
[Result "1-0"]
[WhiteElo "2525"]
[BlackElo "2452"]
[PlyCount "107"]
[EventDate "2023.07.11"]
[EventType "swiss (blitz)"]
[EventRounds "11"]
[EventCountry "USA"]
[SourceTitle "EXT 2024"]
[Source "ChessBase"]
[SourceDate "2023.10.10"]
[SourceVersion "1"]
[SourceVersionDate "2023.10.10"]
[SourceQuality "1"]

1. d4 Nf6 2. c4 e6 3. Nf3 b6 4. a3 Bb7 5. Nc3 d5 6. Bg5 Be7 7. Bxf6 Bxf6 8. cxd5 exd5 9. Qa4+ Qd7 10. e3 Qxa4 11. Nxa4 0-0 12. b4 Nd7 13. Rc1 c6 14. Bd3 b5 15. Nc5 Nxc5 16. bxc5 a5 17. a4 b4 18. Nd2 Rfe8 19. Nb3 Bd8 20. Kd2 Bc7 21. Rhe1 Bc8 22. g3 Be6 23. f3 h5 24. Re2 g5 25. Rce1 Kg7 26. e4 dxe4 27. Rxe4 Red8 28. Rxe6 fxe6 29. Rxe6 Rac8 30. Rg6+ Kf7 31. Rxg5 h4 32. Be4 Rg8 33. Rxg8 Rxg8 34. Bxc6 hxg3 35. hxg3 Rxg3 36. Be4 Rg2+ 37. Kd3 Rb2 38. Kc4 Ke6 39. d5+ Ke5 40. d6 Bd8 41. Nd4 Bh4 42. c6 Kxd6 43. Nf5+ Kc7 44. Nxh4 Ra2 45. Ng6 Rxa4 46. Nf4 Ra1 47. Ne6+ Kd6 48. Nd4 Rc1+ 49. Kb5 Rc5+ 50. Ka4 Ke5 51. Nb3 Rc3 52. Nxa5 Kd6 53. Kxb4 Re3 54. Nc4+ 1-0

[Event "Titled Tuesday intern op 11th Jul Late"]
[Site "Chess.com INT"]
[Date "2023.07.11"]
[Round "7"]
[White "Swayams, Mishra"]
[Black "Hong, Andrew Z"]
[Result "0-1"]
[WhiteElo "2452"]
[BlackElo "2520"]
[PlyCount "42"]
[EventDate "2023.07.11"]
[EventType "swiss (blitz)"]
[EventRounds "11"]
[EventCountry "USA"]
[SourceTitle "EXT 2024"]
[Source "ChessBase"]
[SourceDate "2023.10.10"]
[SourceVersion "1"]
[SourceVersionDate "2023.10.10"]
[SourceQuality "1"]

1. d4 Nf6 2. c4 g6 3. Nc3 Bg7 4. e4 d6 5. Be2 0-0 6. Be3 c6 7. h4 Qa5 8. Qd2 c5 9. d5 b5 10. cxb5 a6 11. a4 axb5 12. Bxb5 Ba6 13. f3 Nbd7 14. Nge2 Nb6 15. Bh6 Bxh6 16. Qxh6 Bxb5 17. Nf4 Qb4 18. h5 Qxb2 19. hxg6 fxg6 20. Nxg6 Qxc3+ 21. Kf2 Ng4+ 0-1

[Event "Titled Tuesday intern op 11th Jul Late"]
[Site "Chess.com INT"]
[Date "2023.07.11"]
[Round "6"]
[White "Swayams, Mishra"]
[Black "Romero Ruscalleda, Josep"]
[Result "1-0"]
[WhiteElo "2452"]
[BlackElo "2160"]
[PlyCount "93"]
[EventDate "2023.07.11"]
[EventType "swiss (blitz)"]
[EventRounds "11"]
[EventCountry "USA"]
[SourceTitle "EXT 2024"]
[Source "ChessBase"]
[SourceDate "2023.10.10"]
[SourceVersion "1"]
[SourceVersionDate "2023.10.10"]
[SourceQuality "1"]

1. d4 g6 2. c4 Bg7 3. Nf3 d6 4. e4 Nc6 5. Be3 Bg4 6. Be2 e5 7. d5 Nce7 8. Nc3 Bxf3 9. Bxf3 f5 10. Qa4+ Qd7 11. Qxd7+ Kxd7 12. g3 Bh6 13. Ke2 Bxe3 14. Kxe3 Nf6 15. Rae1 Rhf8 16. Rhf1 fxe4 17. Nxe4 Nf5+ 18. Kd3 Nxe4 19. Bxe4 Nd4 20. f4 c5 21. dxc6+ Nxc6 22. Bxc6+ bxc6 23. fxe5 Rxf1 24. Rxf1 dxe5 25. Rf7+ Ke6 26. Rxh7 Rd8+ 27. Ke3 a5 28. Rc7 Kd6 29. Rg7 Kc5 30. Rxg6 Rb8 31. b3 a4 32. h4 axb3 33. axb3 Rxb3+ 34. Ke4 Rc3 35. Kxe5 Rxc4 36. h5 Rc1 37. h6 Re1+ 38. Kf5 Rh1 39. g4 Kd5 40. g5 c5 41. Rg8 c4 42. Rc8 Rh3 43. Kg6 c3 44. h7 Kd4 45. h8Q+ Rxh8 46. Rxh8 c2 47. Rc8 1-0